ბათუმის შოთა რუსთაველის სახელმწიფო უნივერსიტეტის ბიბლიოთეკა

ქუჯი [ეგრისის ერისთავი / (ბიბ.ჩანაწერი № 56418)

000 -ლიდერი
ფიქსირებული სიგრძის საკონტროლო ველი 01613nam a2200301Ia 4500
001 - საკონტროლო ნომერი
საკონტროლო ველი 23531
003 - საკონტროლო ნომრის იდენტიფიკატორი
საკონტროლო ველი GE_BSU
005 - ბოლო ოპერაციის თარიღი და დრო
საკონტროლო ველი 20260220112036.0
008 - ფიქსირებული სიგრძის მონაცემთა ელემენტები - ზოგადი ინფორმაცია
ფიქსირებული სიგრძის საკონტროლო ველი 181216s2000||||ge |||||||||||||| ||geo||
020 ## - წიგნის საერთაშორისო სტანდარტული ნომერი
International Standard Book Number 99928-77-83-9
040 ## - კატალოგიზაციის წყარო
Transcribing agency GE_BSU
041 ## - ენის კოდი
Language code of text/sound track or separate title geo
080 ## - უნივერსალური ათობითი კლასიფიკაციის ინდექსი
Universal Decimal Classification number 94(395.3) ქ-15
100 ## - მთავარი ჩანაწერი - პიროვნების სახელი
Personal name ქავთარია, გრანი
9 (RLIN) 15333
245 ## - ცნობა სათაურის შესახებ
Title ქუჯი [ეგრისის ერისთავი /
Statement of responsibility, etc გრანი ქავთარია ; რედ. : რევაზ ბარამიძე.
264 ## - წარმოების, გამოცემის, დისტრიბუციის და სხვა ცნობები
გამოცემის, წარმოების, დისტრიბუციის... ადგილი თბილისი :
გამოცემის, წარმოების, დისტრიბუციის... სახელწოდება თბილ. უნ-ტის გამ-ბა,
გამოცემის, წარმოების, დისტრიბუციის... თარიღი 2000.
300 ## - ფიზიკური აღწერა
Extent 32 გვ. ;
Dimensions 20 სმ.
500 ## - ზოგადი შენიშვნა
General note ნაშრომში განხილულია ეგრისის ერისთავის - ქუჯის მოღვაწეობა, გაანალიზებულია მისი როლი ქართლისა და ეგრისის ერთ სახელმწიფოდ გაერთიანების საქმეში
504 ## - BIBLIOGRAPHY, ETC. NOTE
Bibliography, etc ბიბლიოგრაფია ტექსტის შენიშვნებში
520 ## - SUMMARY, ETC.
Summary, etc რეზიუმე რუსულ ენა
653 ## - INDEX TERM--UNCONTROLLED
Uncontrolled term ეგრისის ერისთავი
653 ## - INDEX TERM--UNCONTROLLED
Uncontrolled term ეგრისის ისტორია
653 ## - INDEX TERM--UNCONTROLLED
Uncontrolled term საქართველოს გაერთიანება
653 ## - INDEX TERM--UNCONTROLLED
Uncontrolled term ქუჯი
700 ## - ADDED ENTRY--PERSONAL NAME
Personal name ბარამიძე, რევაზ
Relator term რედაქტორი
9 (RLIN) 26936
942 ## - ADDED ENTRY ELEMENTS (KOHA)
Koha item type წიგნი
Source of classification or shelving scheme
ეგზემპლარები
ჩამოწერის სტატუსი დაკარგული ეგზემპლარის სტატუსი კლასიფიკაციის წყარო ან თაროზე გაწყობის სქემა დაზიანების სტატუსი არ გაიცემა მუდმივი მდებარეობა (დაცვის ადგილი) ამჟამინდელი ადგილსამყოფელი თაროზე განთავსების ადგილი შეძენის თარიღი ღირებულება, შესყიდვის ნორმალური ფასი სრული შენახვის შიფრი შტრიხკოდი ბოლო ოპერაციის თარიღი ეგზემპლარის მიმდევრობითი ნომერი (კეტერი?) ფასის ძალაში შესვლის თარიღი ეგზემპლარის სახეობა საჯარო შენიშვნა
          ბათუმის შოთა რუსთაველის სახელმწიფო უნივერსიტეტის მთავარი ბიბლიოთეკა ბათუმის შოთა რუსთაველის სახელმწიფო უნივერსიტეტის მთავარი ბიბლიოთეკა წიგნსაცავი 2018-12-17 5.00 94(395.3) ქ-15 28441 2018-12-17 28441 2018-12-17 წიგნი 5.00 ₾.